000 00452nam a22001577a 4500
005 20250225124506.0
008 250225b |||||||| |||| 00| 0 eng d
020 _a9788181911766
050 _aRM300 SHA
100 _aSharma, HL
245 _aPrinciples of Pharmacology/
_cHL Sharma & KK Sharma
260 _aHyderabad, New Delhi
_bParas Medical Publisher
_c2008
300 _a975p.
_bill. some color
_c27cm
700 _aSharma, KK
942 _2lcc
_cBK
_n0
999 _c4315
_d4315